zpět

Detail výsledku týmu

The PUB Praha 6 , Praha

Datum a čas kvízu

31 Celkem bodů Celkový počet nahraných bodů na tomto kvízu bez doplňovacích otázek.
6. Pořadí na kvízu Konečné umístění týmu na tomto kvízu.

Zaznamenané odpovědi

# Otázka Odpověď Body Výsledky
1. V noci na pátek se v pražské z... gorila 1
2. V pondělí večer došlo k úplném... přes Severní Ameriku 1
3. Rozhořčení občané jednoho měst... v Táboře 0
4. Minulý týden oznámila italská... Silvio Berlusconi 1
5. Francouzská parkouristka Anouk... šplh na laně 1
6. V pěti otázkách tohoto tématu... halit 1
7. Jaká je denní dávka kuchyňské... B 1
8. Kala namak je zvláštním druhem... A) černá 1
9. Jak zní obchodní název takzvan... Praganda 0
10. Jeden z nejznámějších a nejsta... D) Wieliczka 1